Ч. 1; Математический анализ

Bibliographic Details
Parent link:Математический анализ: Справочное пособие/ А. И. Герасимович, Н. А. Рысюк. Ч. 1.— , 1989-
Main Author: Герасимович А. И. Анатолий Игнатьевич
Other Authors: Рысюк Н. А. Нина Антоновна
Language:Russian
Published: 1989
Subjects:
Format: Book
KOHA link:https://koha.lib.tpu.ru/cgi-bin/koha/opac-detail.pl?biblionumber=36835

MARC

LEADER 00000nam2a2200000 4500
001 36835
005 20231101210408.0
035 |a (RuTPU)RU\TPU\book\37319 
035 |a BOOK00003971 
090 |a 36835 
100 |a 20011210d1989 km y0rusy50 ca 
101 0 |a rus 
102 |a BY 
105 |a a g 001zy 
200 0 |a Ч. 1 
210 |d 1989 
215 |a 287 с.  |c ил. 
320 |a Предм. указ.: с. 280-284. 
461 1 |0 (RuTPU)RU\TPU\book\35087  |t Математический анализ  |o Справочное пособие  |o В 2 ч.  |f А. И. Герасимович, Н. А. Рысюк  |v Ч. 1  |d 1989- 
606 |a Математический анализ  |2 stltpush  |3 (RuTPU)RU\TPU\subj\41236  |9 61042 
610 1 |a высшая математика 
610 1 |a функции 
610 1 |a дифференциальные исчисления 
610 1 |a интегральные исчисления 
610 1 |a примеры 
610 1 |a задачи 
610 1 |a решение 
610 1 |a алгоритмы 
610 1 |a справочники 
675 |a 517(035)  |v 3 
700 1 |a Герасимович  |b А. И.  |g Анатолий Игнатьевич 
701 1 |a Рысюк  |b Н. А.  |g Нина Антоновна 
801 0 |a RU  |b 63413507  |c 20011210  |g PSBO 
801 2 |a RU  |b 63413507  |c 20201118  |g PSBO 
942 |c BK